Регионална библиотека "Любен Каравелов" - Русе

Поема на злото (Запис номер 342042)

MARC детайли
000 -Лидер
Контролно поле с фиксирана дължина 01301nam a2200361 c 4500
003 - Код на организацията, давaща контролен номер
Контролно поле BLK
005 - Дата и час на последна редакция
Контролно поле 20241016133421.0
008 - Елементи от данни с фиксирана дължина
fixed length control field 180911b bul|||||r ||||||| ||bul||
010 ## - Наследен системен номер
LC control number 001676
040 ## - Източник на каталожния запис
Идентификатор на билиотеката - собственик на записа BLK
041 ## - Код за език
Код за езика на текст/звукозапис или на отделно заглавие Български
Код за езика КДБФ Български
080 ## - УДК
УДК - код + определител 886.7-1
100 1# - Редна дума - Автор
Автор МИХАЙЛОВСКИ, Стоян
Авторска отговорност първи автор
R(LIN) 398592
245 00 - Сведения за заглавието
Заглавие Поема на злото
246 ## - Различни форми на заглавието
Наименование на поредна част от произведението лирика-поеми
260 ## - Област на издателските данни
Място на издаване, разпространение и проч. София
Име на издателя, разпространителя и проч. К-т "Ст. Михайловски"
Година на издаване 1939
Печатница Стоп. развитие
300 ## - Физическа характеристика
Страници 124 с
Размери/Мащаб 18 см
380 ## - Жанр
Жанр Литературознание
490 ## - СЕРИИ (Колекции)
Име на серия Частна колекция - Академик Михаил Арнаудов
Бележки за серията Дарение - Основен фонд
500 ## - Общи забележки
Забележка Автограф с текст: На г. Проф. М. Арнаудов в знак на почит Ив Богданов София, 14. Х. 1939.;
650 ## - Допълнително описание по предмет – тема
Основно описание – тема или топоним Поезия
9 (RLIN) 166642
653 ## - Ключова дума – ненормативна
Ключова дума лирика
653 ## - Ключова дума – ненормативна
Ключова дума поеми
655 ## - Ключова дума – жанр/разновидност
Данни за жанр/разновидност или ключова дума за фокус българска литература
700 1# - Други автори (авторска отговорност)
Лично име Стоян Михайловски
9 (RLIN) 398606
700 1# - Други автори (авторска отговорност)
Лично име Иван Богданов
Автороска отговорност (Описва отношението между автора и произведението) ред.
9 (RLIN) 398610
852 ## - Местоположение
Форматна сигнатура МА 2017
Фондова буква Фонд "Михаил Арнаудов"
942 ## - АРТИКУЛИ
Вид на библиотечния материал Книги
Скрит в OPAC Не
Периодичен библиозапис Да
944 ## - СЪЗДАВАНЕ И РЕДАКЦИЯ на ЗАПИСА
Създаване/Редакция Създаване
Дата на регистрацията/редакция 1997
Служител, извършил регистрацията/редакцията 30560
Статус, дата на статуса Геновева Генчева
999 ## - СИСТЕМНИ КОНТРОЛНИ НОМЕРА
Koha biblionumber 342042
Koha biblioitemnumber 342042
999 ## - СИСТЕМНИ КОНТРОЛНИ НОМЕРА
Koha biblioitemnumber 342042
999 ## - СИСТЕМНИ КОНТРОЛНИ НОМЕРА
Koha biblioitemnumber 342042
999 ## - СИСТЕМНИ КОНТРОЛНИ НОМЕРА
Koha biblioitemnumber 342042
Наличности
Код за отписване Код за изгубен артикул Източник на класификационната схема Код за повреда Коз за рестрикции Код за отдаване Артикулен № Име на библиотеката - собственик Име на библиотеката, в която се намира в момента Статус (Текущо местоположение) Местоположение - отдел Цена в лева Номерация (Хронология) Инвентарен номер Систематично азбучна сигнатура Баркод Номер на екземпляра Цена в евро Служебен тип на артикула
  Не е изгубен Universal Decimal Classification Не е повреден само за читалня ползва се в читалня 742076 Регионална библиотека "Любен Каравелов" Русе Регионална библиотека "Любен Каравелов" Русе Фонд "Михаил Арнаудов" Фонд "Михаил Арнаудов" 30.00 Автограф: Ив. Богданов 590294 МА 2017 120000590294 1 15.34 Книги
Vip Innovations Ltd, Rousse, Bulgaria 2025